• 首页
  • 本馆介绍
  • 公告通知
  • 最新文献
  • 馆藏检索
  • 电子资源
  • 读者导购
  • 参考咨询
  • 我的图书馆
  • 登录
  • 详细信息显示
  • 放入我的书架
  • 预约/预借图书
  • 作者相关作品
  • 分类相关作品
  • 丛书相关作品
  • 出版社相关作品

书目信息

  • 表格格式
  • 工作单格式
  • 卡片格式
题名:
强震观测与分析原理
    
 
作者: 谢礼立 编著
分册:  
出版信息: 北京   地震出版社  1982
页数: 258页
开本: 25cm
丛书名:
单 册:
中图分类: P315.63
科图分类:
主题词: 地震观测-地震反应分析 , 地震反应分析-地震观测
电子资源:
ISBN:
000 00648nam0 2200241 45
001 0182005802
005 20060815101448.56
010    @dCNY1.75
091    @a13180.116
100    @a19950603d1982 em y0chiy0121 ea
101 0  @achi
102    @aCN@b110000
105    @ay z 000yy
200 10 @a强震观测与分析原理@Aqiang zhen guan ce yu fen xi yuan li@f谢礼立编著
210    @a北京@c地震出版社@d1982
215    @a258页@d25cm
606    @a地震观测-地震反应分析
606    @a地震反应分析-地震观测
690    @aP315.63@v3
701  0 @a谢礼立@Axie li li@4编著
801  2 @aCN@bNLC@c20060815
801  0 @aCN@bTSSF
905    @a10447@dP315.63@e82
    
    强震观测与分析原理/谢礼立编著.-北京:地震出版社,1982
    258页;25cm
    
    
    ISBN :CNY1.75
    
●
相关链接 在E读中查询图书 在五车中查询图书 在当当中查询图书 在豆瓣中查询图书


正题名:强震观测与分析原理     索取号:P315.63/82         预约/预借

序号 登录号 条形码 馆藏地/架位号 状态 备注
1 0458404   204584048   密集书库/ [索取号:P315.63/82] 在馆    
2 0458405   204584057   密集书库/ [索取号:P315.63/82] 在馆    
唐山师范学院图书馆 欢迎您!
大连网信软件有限公司© 版权所有